000
00325nam a2200121Ia 4500
008
180219s9999 xx 000 0 und d
020
_a
00781752418
100
_a
Martin, Anna L.
245
_a
Nursing 2003 drug handbook /
250
_a
23rd ed
260
_a
San Juan City
_b
C & E publishing
_c
2003
300
_a
vii, 1394 pages
999
_c
355975
_d
355975